000 00395nam a22001697a 4500
005 20160521095509.0
008 160521b xxu||||| |||| 00| 0 eng d
020 _a981-254-268-X
041 _aeng
082 _b3663
100 _aS.K. Jain A. D. Gunnwar Dena
_9914
245 _aLinear Algebra
260 _bThomsons
300 _a412
650 _aInformation Technology
_9137
942 _cBK
999 _c1252
_d1252